000 00480nam a2200133 a 4500
008 120416s1969 ||||||||||||||||| || u
050 _aNA 1580 Kul
100 _aKultermann, Udo
245 1 0 _aNew directions in Africa architecture
260 _aNew York
_bGeorge Braziller
_c1969
300 _a128p. : ill.
350 _a0.00
995 _D0.00
_FCBU-MAIN LIBRARY (Kitwe)
_H1
_I2.95
_UAVAILABLE
_ZMain Library Open Access Collection
999 _c52110
_d52110